Keisatsu-kenkyū

Gespeichert in:  
Bibliographische Detailangaben
Medienart: Druck Zeitschrift
Sprache:Nichtbestimmte Sprache
Veröffentlicht: Tōkyō Ryōsho fukyūkai 1930-1993
In:Jahr: 1930
Verfügbarkeit prüfen: HBZ Gateway
Subito Bestelldienst: Jetzt bestellen.
Schlagwörter:

MARC

LEADER 00000cas a2200000 c 4500
001 17047738X
003 DE-627
005 20250321213413.0
007 tu
008 941105d19301993ja z| p| 0 |0und c
016 7 |a 015948188  |2 DE-101 
016 7 |a 1063417-4  |2 DE-600 
022 |a 0287-6353 
035 |a (DE-627)17047738X 
035 |a (DE-576)02518170X 
035 |a (DE-599)ZDB1063417-4 
035 |a (OCoLC)1366311283 
040 |a DE-627  |b ger  |c DE-627  |e rakwb 
044 |c XB-JP 
082 0 4 |a 340  |q DE-600 
245 0 0 |a Keisatsu-kenkyū 
246 1 |i Übersetzung des Haupttitels  |a Polizei-Studien 
264 3 1 |a Tōkyō  |b Ryōsho fukyūkai  |c 1930-1993 
336 |a Text  |b txt  |2 rdacontent 
337 |a ohne Hilfsmittel zu benutzen  |b n  |2 rdamedia 
338 |a Band  |b nc  |2 rdacarrier 
362 0 |a 1.1930 - 762.1993; damit Ersch. eingest. 
363 0 0 |a 1  |i 1930 
363 1 0 |a 762  |i 1993 
546 |a Text japan 
591 |a (IIIF für 24,NDL'87,463) 
655 7 |a Zeitschrift  |0 (DE-588)4067488-5  |0 (DE-627)10454466X  |0 (DE-576)20917000X  |2 gnd-content 
935 |a mkri 
951 |a JT 
ELC |b 1 
LOK |0 000 xxxxxcy a22 3n 4500 
LOK |0 001 2169519041 
LOK |0 003 DE-627 
LOK |0 004 17047738X 
LOK |0 005 20031120000000 
LOK |0 008 910814||||||||||||||||ger||||||| 
LOK |0 035   |a (DE-600)04395958X 
LOK |0 040   |a DE-Frei85  |c DE-627  |d DE-Frei85 
LOK |0 852   |8 1 
LOK |0 852   |a DE-Frei85 
LOK |0 852 1  |9 00 
LOK |0 85900  |8 1.1  |a 697  |i 1988 
LOK |0 85910  |8 1.2  |a 762  |i 1993 
LOK |0 86630  |a 697.1988 - 762.1993 
LOK |0 939   |a 14-08-91  |b z01 
ORI |a SA-MARC-krimdoka001.raw